000 00439nam a2200145Ia 4500
008 100122s9999 xx 000 0 und d
082 _b62444
_a824
100 _aदवणे प्रवीण
245 _aसावर रे भाग-1
260 _bनवचैतन्य प्रकाशन
_c2002
300 _a135
630 _aसावर रे भाग-1
730 _aसावर रे भाग-1
942 _cBOOK
999 _c436810
_d436807